Sky component protractor No. 4 for horizontal glazing and CIE overcast sky (Record no. 94964)

MARC details
000 -LEADER
fixed length control field 00536cam a2200205 4500
001 - CONTROL NUMBER
control field D1990
008 - FIXED-LENGTH DATA ELEMENTS--GENERAL INFORMATION
fixed length control field 090401t1967 xxu||||| |||| 00| 0 eng d
035 ## - SYSTEM CONTROL NUMBER
System control number (Sirsi) u66943
041 ## - LANGUAGE CODE
Language code of text/sound track or separate title eng
050 ## - LIBRARY OF CONGRESS CALL NUMBER
Classification number 729.28
110 ## - MAIN ENTRY--CORPORATE NAME
Corporate name or jurisdiction name as entry element Building Research Station
9 (RLIN) 203
245 ## - TITLE STATEMENT
Title Sky component protractor No. 4 for horizontal glazing and CIE overcast sky
260 ## - PUBLICATION, DISTRIBUTION, ETC.
Place of publication, distribution, etc. London
Name of publisher, distributor, etc. HMSO
Date of publication, distribution, etc. 1967
300 ## - PHYSICAL DESCRIPTION
Extent 1 protractor
350 ## - PRICE (NR) (BK AM CF MU VM SE) [OBSOLETE]
Price 0.25
490 ## - SERIES STATEMENT
Series statement Daylight Protractor 4
520 ## - SUMMARY, ETC.
Summary, etc. Second Series
942 ## - ADDED ENTRY ELEMENTS (KOHA)
Suppress in OPAC 0
948 ## - LOCAL PROCESSING INFORMATION (OCLC); SERIES PART DESIGNATOR (RLIN)
c (OCLC) 04/03/1997
Holdings
Withdrawn status Lost status Source of classification or shelving scheme Damaged status Not for loan Home library Current library Shelving location Date acquired Cost, normal purchase price Total Checkouts Full call number Barcode Date last seen Copy number Cost, replacement price Price effective from Koha item type
    Dewey Decimal Classification     London London Basement 14/09/1999 0.25   SHELF 327 (PAMPHLET) 30005111 06/08/2019 1 0.25 06/08/2019 Reference material